Представление документа в формате MARC21

Поле Инд. ПП Название Значение
Тип записи a
Библиографический уровень b
001 Контрольный номер RU/IS/BASE/104602090
005 Дата корректировки 20200608194353.2
084 a Индекс другой классификации/Индекс ББК 85.143(2)52
100 1_ a Автор Кончаловский Д. П.
q Полное имя Кончаловский Дмитрий Петрович
245 10 a Заглавие Суриков как художник-историк
600 14 a Персоналии Суриков Василий Иванович
650 04 a Основная рубрика живопись
a Основная рубрика изобразительное искусство
a Основная рубрика искусство
a Основная рубрика история изобразительного искусства
653 0_ a Ключевые слова "Боярыня Морозова"
a Ключевые слова "Меншиков в Березове"
a Ключевые слова "Переход Суворова через Альпы"
a Ключевые слова "Покорение Сибири Ермаком"
a Ключевые слова "Утро стрелецкой казни"
a Ключевые слова XIX век
a Ключевые слова историческая живопись
a Ключевые слова Россия
773 18 t Заглавие источника Наше наследие
d Дата издания источника 1998
g Прочая информация № 47. - С. 3 - 11 : ил.
w Контрольный № источника RU/IS/BASE/142600231
901 t Тип документа b